SERVER ADMINISTRATION (Record no. 8946)

MARC details
000 -LEADER
fixed length control field 00550nam a22001457a 4500
003 - CONTROL NUMBER IDENTIFIER
control field SGT
082 ## - DEWEY DECIMAL CLASSIFICATION NUMBER
Classification number 004,WEB
100 ## - MAIN ENTRY--PERSONAL NAME
Personal name MALHOTRA,S
245 ## - TITLE STATEMENT
Title SERVER ADMINISTRATION
260 ## - PUBLICATION, DISTRIBUTION, ETC. (IMPRINT)
Place of publication, distribution, etc NEW DELHI
Name of publisher, distributor, etc DONT. DR. SINGH PVC SGT UNIVERSITY
Year of Publication 2001
300 ## - PAGE DESCRIPTION
No. of Pages 2015
650 ## - SUBJECT ADDED ENTRY--TOPICAL TERM
Topical term or geographic name as entry element COMPUTER SCIENCE
653 ## - KEYWORDS--INDEX TERM
Keyword term NETWORKING AND COMMUNICATION, WINDOWS NT INSTALLATION, STARTING WITH WINDOWS NT, WORKING WITH USER MANAGEMENT, DISK ADMINISTRATOR, CONTROL PANEL, FIREWALL AND PROXY SERVER, TCP/IP, INTERNET INFORMATION SERVER, UPLOADING FILES
942 ## - ADDED ENTRY ELEMENTS (KOHA)
Source of classification or shelving scheme Dewey Decimal Classification
Koha item type FCM Books
Holdings
Withdrawn status Lost status Source of classification or shelving scheme Damaged status Not for loan Home library Current library Shelving location Date acquired Vendor Name SGTU Total Checkouts Full call number Accession No. (Barcode) Date last seen Bill Date Koha item type
    Dewey Decimal Classification     SGT Science & Social Sciences Library SGT Science & Social Sciences Library Text Book 03/06/2016 DONT. DR. SINGH PVC SGT UNIVERSITY SGTU   004,WEB CM259 03/06/2016 03/06/2016 FCM Books